Представление документа в формате MARC21

Поле Инд. ПП Название Значение
Тип записи a
Библиографический уровень m
001 Контрольный номер 2c98d3f0-2a98-42a0-9af9-ad6c0704cfcc
005 Дата корректировки 20140703121918.7
008 Кодируемые данные 030605
020 a ISBN 5-04-006256-7
c Цена, тираж 150.00
040 a Служба первич. каталог. НБ ТвГУ
041 a Код языка текста rus
080 a Индекс УДК 882-2
a Индекс УДК 882-1
084 a Индекс другой классификации/Индекс ББК Ш6(2=411.2)6-6
a Индекс другой классификации/Индекс ББК Ш6(2=411.2)6-5
090 x Авторский знак Ф51
a Полочн. индекс Р2
100 1_ a Автор Филатов Леонид Алексеевич
245 10 a Заглавие Лизистрата
b Продолж. заглавия Пьесы, песни, пародии, стихотворения
c Ответственность Леонид Филатов; [Худож. В. Гальдяев]
260 0_ a Место издания Москва
b Издательство ЭКСМО-Пресс
c Дата издания 2002
300 a Объем 382,[1] с.
500 a Примечание Содерж.: Пьесы: Лизистрата; Возмутитель спокойствия; Опасный, опасный, очень опасный; Песни и зонги; Пародии; Стихотворения.
583 a Действие Получение впервые 117 05.06.2003
k Исполнитель действия ПБОЮЛ Чебукин В.В.
653 a Ключевые слова Художественная
700 1_ a Другие авторы Гальдяев Владимир
e Роль лиц худож.
852 t Порядковый номер экземпляра 2
p Инвентарный номер 766352
p Инвентарный номер 766353
863 t 10690000003503
863 t 10690000003502
888 a За счет средств Академии славянской культуры
930 a Новая/Ретро художественная
952 p 117.2003 150.00 1 766352
p 117.2003 150.00 1 766353
c Вид литературы К рх
954 a Дата поступления на обработку 20030623
999 a Подразделение 2 аб.